Skip to main content
Your cart is empty.
Your lists
Log in to create your own lists
Your cookies
العربية
English
العربية
Home
Search
Advanced search
Authority search
About
The noble scholar, jurist, historian
His Excellency Dr. Abdul Wahhab bin Ibrahim Abu Sulaiman, may Allah have mercy on him.
He was born in Umm Al-Qura in the year 1356 AH.
Library catalog
Title
Author
Subject
ISBN
ISSN
Series
Call number
Log in to your account
×
Login:
Password:
Home
MARC view: ترتيب الفروق واختصارها :
Normal view
MARC view
ISBD view
ترتيب الفروق واختصارها : (Record no. 3539)
[
view plain
]
MARC details
000 -LEADER
fixed length control field
01530cam a22003131i 4500
003 - CONTROL NUMBER IDENTIFIER
control field
SA-RiAUC
005 - DATE AND TIME OF LATEST TRANSACTION
control field
20241215144001.0
008 - FIXED-LENGTH DATA ELEMENTS--GENERAL INFORMATION
fixed length control field
241214s1994 mr g f00010dara c
040 ## - CATALOGING SOURCE
Original cataloging agency
SA-JeALM
Language of cataloging
ara
Transcribing agency
SA-RiAUC
Description conventions
rda
082 04 - DEWEY DECIMAL CLASSIFICATION NUMBER
Classification number
251.6
090 ## - LOCALLY ASSIGNED LC-TYPE CALL NUMBER (OCLC); LOCAL CALL NUMBER (RLIN)
Classification number (OCLC) (R) ; Classification number, CALL (RLIN) (NR)
251.6
Local cutter number (OCLC) ; Book number/undivided call number, CALL (RLIN)
ي ق و
100 1# - MAIN ENTRY--PERSONAL NAME
Personal name
اليقوري، محمد بن إبراهيم،
Dates associated with a name
توفي 707 هجري
Relator term
مؤلف.
245 10 - TITLE STATEMENT
Title
ترتيب الفروق واختصارها :
Remainder of title
رتب فيه واختصر فروق شهاب الدين القرافي في القواعد الفقهية /
Statement of responsibility, etc.
تأليف أبي عبد الله محمد بن إبراهيم اليقوري ؛ تحقيق عمر بن عباد.
250 ## - EDITION STATEMENT
Edition statement
الطبعة الثانية
264 #1 - PRODUCTION, PUBLICATION, DISTRIBUTION, MANUFACTURE, AND COPYRIGHT NOTICE
Place of production, publication, distribution, manufacture
الرباط :
Name of producer, publisher, distributor, manufacturer
وزارة الأوقاف والشؤون الإسلامية،
Date of production, publication, distribution, manufacture, or copyright notice
1994
300 ## - PHYSICAL DESCRIPTION
Extent
مجلد ؛
Dimensions
24 سم
336 ## - CONTENT TYPE
Content type term
نص
Content type code
txt
Source
rdacontent
Materials specified
كتاب
337 ## - MEDIA TYPE
Media type term
بدون وسيط
Media type code
n
Source
rdamedia
338 ## - CARRIER TYPE
Carrier type term
مجلد
Carrier type code
nc
Source
rdacarrier
650 #7 - SUBJECT ADDED ENTRY--TOPICAL TERM
Topical term or geographic name entry element
القواعد الفقهية
Source of heading or term
aucsh
650 #7 - SUBJECT ADDED ENTRY--TOPICAL TERM
Topical term or geographic name entry element
أصول الفقه الإسلامي
Source of heading or term
aucsh
650 #7 - SUBJECT ADDED ENTRY--TOPICAL TERM
Topical term or geographic name entry element
الأحكام الشرعية
Source of heading or term
aucsh
700 1# - ADDED ENTRY--PERSONAL NAME
Personal name
بن عباد، عمر
Relator term
محقق.
700 12 - ADDED ENTRY--PERSONAL NAME
Personal name
القرافي، أحمد بن إدريس بن عبد الرحمن،
Dates associated with a name
626-684 هجري
740 22 - ADDED ENTRY--UNCONTROLLED RELATED/ANALYTICAL TITLE
Uncontrolled related/analytical title
الفروق، المسمى، أنوار البروق في أنواء الفروق.
740 02 - ADDED ENTRY--UNCONTROLLED RELATED/ANALYTICAL TITLE
Uncontrolled related/analytical title
أنوار البروق في أنواء الفروق.
942 ## - ADDED ENTRY ELEMENTS (KOHA)
Source of classification or shelving scheme
Dewey Decimal Classification
Koha item type
Books
Suppress in OPAC
No
949 ## - LOCAL PROCESSING INFORMATION (OCLC)
a
SA-JeALM
d
241214
u
mohamedma123
n
1
Holdings
Withdrawn status
Lost status
Source of classification or shelving scheme
Materials specified (bound volume or other part)
Damaged status
Not for loan
Home library
Current library
Date acquired
Total checkouts
Full call number
Barcode
Date last seen
Price effective from
Koha item type
Dewey Decimal Classification
الجزء الاول
DR AbdElwahab Library
DR AbdElwahab Library
12/15/2024
251.6 ي ق و
000005478
12/15/2024
12/15/2024
Books
Dewey Decimal Classification
الجزء الثاني
DR AbdElwahab Library
DR AbdElwahab Library
12/15/2024
251.6 ي ق و
000005479
12/15/2024
12/15/2024
Books
Place hold
Print
Add to your cart
(remove)
Save record
BIBTEX
Dublin Core
MARCXML
MARC (non-Unicode/MARC-8)
MARC (Unicode/UTF-8)
MARC (Unicode/UTF-8, Standard)
MODS (XML)
RIS
ISBD
More searches
Search for this title in:
Other Libraries (WorldCat)
Other Databases (Google Scholar)
Online Stores (Bookfinder.com)
Open Library (openlibrary.org)
Exporting to Dublin Core...
×
Simple DC-RDF
OAI-DC
SRW-DC